| 000 | 01081nam a22003497a 4500 | ||
|---|---|---|---|
| 001 | 0000557 | ||
| 003 | KOHA_MİRAKIL | ||
| 005 | 20260207001213.0 | ||
| 007 | ta | ||
| 008 | 100209b2004 tu |||gr||||#||||0|tur | | ||
| 020 |
_a9752953433 _cTL,01 |
||
| 040 |
_aTR-BiSEU _btur _cTR-BiSEU _erda |
||
| 041 | 0 | _atur | |
| 044 | _ctu | ||
| 050 |
_aTJ223.P76 _bY34 2004 |
||
| 100 | 1 | _aYağımlı, Mustafa. | |
| 245 | 1 |
_aPLC (programmable logic controllers) programlanabilir lojik denetleyiciler : _bPLC programlama mantığı.../ _cMustafa Yağımlı ; Mustafa Yağımlı, Feyzi Akar. |
|
| 264 | 1 |
_aİstanbul : _bBeta _c2004 |
|
| 300 | _axii, 323 sayfa: resimli; 25 cm. | ||
| 336 |
_ametin _btxt _2rdacontent |
||
| 337 |
_aaracısız _bn _2rdamedia |
||
| 338 |
_acilt _bnc _2rdacarrier |
||
| 490 | 1 |
_aYayın ; _vno. |
|
| 490 | 1 | _a1462. | |
| 490 | 1 |
_aTeknik dizisi ; _v105. |
|
| 500 | _aKaynakça var. | ||
| 650 | 0 |
_aProgramlanabilir kontrolcular. _91939 |
|
| 830 | 1 |
_aYayın ; _vno. _91557 |
|
| 830 | 1 |
_a1462. _92815 |
|
| 830 | 1 |
_aTeknik dizisi ; _v105. _91559 |
|
| 942 |
_2lcc _cBK |
||
| 999 |
_c558 _d558 |
||